Statystyki dla Państwa afrykańskie, które były koloniami Hiszpanii i Portugali w 1946

Kliknij tutaj aby rozwiązać quiz!

Ogólne statystyki

  • Ten quiz został rozwiązany 48 razy
  • Średni wynik to 4 z 6

Statystyki odpowiedzi

#Odpowiedź% Poprawnych
PortugaliaMozambik
96%
Hiszpania (częściowo)Maroko
89%
PortugaliaAngola
87%
HiszpaniaGwinea Równikowa
78%
PortugaliaGwinea Bissau
57%
HiszpaniaSahara Zachodnia
37%

Rozkład punktacji

Percentyl według liczby udzielonych odpowiedzi

Procent ludzi z każdym wynikiem

Twoja historia wyników

Nie rozwiązałeś tego quizu